| 000 | 04845cgm a2200901Ia 4500 | ||
|---|---|---|---|
| 001 | 700223496 | ||
| 003 | OCoLC | ||
| 005 | 20210823152113.0 | ||
| 007 | vd cvaizq | ||
| 008 | 110203t20092009cau186 vleng d | ||
| 024 | 1 | _a883929078264 | |
| 024 | 1 | _a883929057795 | |
| 028 | 4 | 2 |
_a1000101419 _bWarner Home Video |
| 028 | 4 | 2 |
_a3000023598 _bWarner Home Video |
| 035 | _a(OCoLC)700223496 | ||
| 040 |
_aSLV _beng _cSLV _dOCLCA _dOCLCQ _dCOW _erda |
||
| 041 | 1 |
_aeng _afre _heng |
|
| 043 | _an-us--- | ||
| 050 | 1 | 4 |
_aPN1997.2 _b.W38 2009 |
| 082 | 0 | 4 |
_a791.43/72 _222 |
| 092 | _advd | ||
| 130 | 0 |
_aWatchmen (Motion picture). _lFrench & English. _95747484 |
|
| 245 | 1 | 0 |
_aWatchmen _h[videorecording] / _cWarner Bros. Pictures and Paramount Pictures present in association with Legendary Pictures, a Lawrence Gordon/Lloyd Levin production, a Zack Synder film ; producers, Lawrence Gordon, Lloyd Levin, Deborah Snyder ; screenplay by David Hayter and Alex Tse ; directed by Zack Snyder. |
| 250 | _aDirector's cut ; special ed. ; widescreen. | ||
| 264 | 1 |
_aBurbank, CA : _bWarner Home Video, _c[2009] |
|
| 264 | 4 | _c©2009. | |
| 300 |
_a2 videodiscs (186 min.) : _bsound, color ; _c4 3/4 in. |
||
| 336 | _atwo-dimensional moving image | ||
| 337 | _avideo | ||
| 338 | _avideodisc | ||
| 370 |
_cUnited States _2naf _uhttp://id.loc.gov/authorities/names/n78095330. |
||
| 500 | _aBased on the graphic novel co-created by Dave Gibbons and published by DC Comics. | ||
| 500 | _aDVD release of the 2009 motion picture. | ||
| 500 | _aSpecial features: twenty-five minutes of additional footage; "The phenomenon: the comic that changed comics" featurette; "Watchmen:" video journals (ca. 30 min.); music video "Desolation row," by My Chemical Romance; eleven Watchmen making-of webisodes. | ||
| 508 | _aDirector of photography, Larry Fong ; editor, William Hoy ; music, Tyler Bates. | ||
| 511 | 1 | _aBilly Crudup, Matthew Goode, Carla Gugino, Jackie Earle Haley, Jeffrey Dean Morgan, Patrick Wilson. | |
| 520 | _aIn the United States, costumed superheroes are part of the fabric of everyday society. But when one of his former colleagues is murdered, the washed-up, but no less determined, masked vigilante Rorschach sets out to uncover the plot to kill and discredit all past and present superheroes. As he reconnects with his former crime-fighting legion, a ragtag group of retired superheroes, only one of whom has true powers, Rorschach glimpses a wide-ranging and disturbing conspiracy with links to their shared past and catastrophic consequences for the future. | ||
| 521 | 8 | _aMPAA rating: R; for strong graphic violence, sexuality, nudity and language. | |
| 538 | _aDVD, NTSC ; widescreen presentation ; Dolby digital 5.1 surround. | ||
| 540 | _aThis DVD disc is copy protected. | ||
| 546 | _aIn English or dubbed French, with optional subtitles in English for the hearing impaired, French or Spanish; closed-captioned. | ||
| 600 | 1 | 0 |
_aGibbons, Dave, _d1949- _vFilm adaptations. _95747485 |
| 650 | 0 |
_aSuperheroes _zUnited States _vDrama. _95747486 |
|
| 650 | 0 |
_aMurder _xInvestigation _zUnited States _vDrama. _95747487 |
|
| 650 | 0 |
_aVigilantes _zUnited States _vDrama. _95719789 |
|
| 650 | 0 |
_aConspiracy _vDrama. _95732406 |
|
| 650 | 0 |
_aCriminal behavior _vDrama. _95678593 |
|
| 655 | 7 |
_aFeature films. _2lcgft _9102699 |
|
| 655 | 7 |
_aSuperhero films. _2lcgft _9102758 |
|
| 655 | 7 |
_aFantasy films. _2lcgft _9102694 |
|
| 655 | 7 |
_aAction and adventure films. _2lcgft _95674017 |
|
| 655 | 7 |
_aFilm adaptations. _2lcgft _95747488 |
|
| 655 | 7 |
_aFiction films. _2lcgft _95674705 |
|
| 655 | 7 |
_aVideo recordings for the hearing impaired. _2lcgft _95747489 |
|
| 655 | 7 |
_aDrama. _2lcgft _95673873 |
|
| 655 | 7 |
_aAdaptations. _2lcgft _95697545 |
|
| 700 | 1 |
_aSnyder, Zack, _d1966- _edirector. _974551 |
|
| 700 | 1 |
_aGordon, Lawrence, _d1936- _eproducer. _95727001 |
|
| 700 | 1 |
_aLevin, Lloyd, _eproducer. _958307 |
|
| 700 | 1 |
_aSnyder, Deborah, _eproducer. _96195047 |
|
| 700 | 1 |
_aHayter, David, _escreenwriter. _957631 |
|
| 700 | 1 |
_aTse, Alex, _escreenwriter. _96195048 |
|
| 700 | 1 |
_aCrudup, Billy, _d1968- _eactor. _959057 |
|
| 700 | 1 |
_aGoode, Matthew, _d1978- _eactor. _970529 |
|
| 700 | 1 |
_aGugino, Carla, _d1971- _eactor. _976784 |
|
| 700 | 1 |
_aHaley, Jackie Earle, _d1961- _eactor. _963402 |
|
| 700 | 1 |
_aMorgan, Jeffrey Dean, _d1966- _eactor. _95965399 |
|
| 700 | 1 |
_aWilson, Patrick, _d1973- _eactor. _969599 |
|
| 700 | 1 |
_aBates, Tyler, _ecomposer. _973112 |
|
| 700 | 1 |
_aGibbons, Dave, _d1949- _tWatchmen. _95747493 |
|
| 710 | 2 |
_aWarner Bros. Pictures (1969- ) _968691 |
|
| 710 | 2 |
_aParamount Pictures Corporation. _97712 |
|
| 710 | 2 |
_aLegendary Pictures. _974356 |
|
| 710 | 2 |
_aDC Comics, Inc. _94794 |
|
| 710 | 2 |
_aWarner Home Video (Firm) _961103 |
|
| 907 | _a.b287793047 | ||
| 942 |
_2ddc _cDVD |
||
| 999 |
_c234001 _d234001 |
||